000 01083njm a22002657a 4500
005 20100907135528.0
006 a|||||r|||||00| 0
007 sd ammalaaahaa
008 100901t xxu||||| |||| 00| 0 eng d
028 _aN 52207
_bHis Master's Voice
035 _aGR-00937
040 _aSED
_cSED
100 _aMohammad Rafi
_917825
245 _aPyaasa /
_cby Mohammad Rafi ; music by S.D. Burman; lyrics by Sahir Ludianvi
_h[sound recording]
246 _aअदालत / आशा भोसले द्वारा
260 _aDum Dum, India
_bHis Master's Voice
300 _a1 sound disc [Gramophone Recording] :
_banalog, 33 1/3 rpm
_c9.5 in. (MP)
_fGramophone Records
500 _aBrief record
505 _aयह दुनिया अगर मिलभी जाये (Yah duniya agar milbhi jaye) (Mohammad Rafi)
650 _aClassical music
_xExcerpts
_zIndia
_917826
700 _aBurman, S.D.
_917827
700 _917828
_aLudianvi, Sahir
942 _2ddc
_cGR
999 _c44237
_d44237